Diseño y evaluación de programas de educación emocional
Na minha lista:
| Autor principal: | |
|---|---|
| Formato: | Livro |
| Idioma: | espanhol |
| Publicado em: |
Barcelona
Cisspraxis
2001
|
| Edição: | 1a. ed |
| coleção: | Monografías Escuela Española. ColecciónEducación Emocional
|
| Assuntos: | |
| Tags: |
Adicionar Tag
Sem tags, seja o primeiro a adicionar uma tag!
|
MARC
| LEADER | 00000nam a2200000 a 4500 | ||
|---|---|---|---|
| 001 | UCK1792 | ||
| 003 | CL-VaPUC | ||
| 008 | 041126e20010000SP |||||||||||||||||spa|d | ||
| 020 | |a 8471976919 | ||
| 082 | 0 | 4 | |a 370.153 |b ALV |2 21 |
| 100 | 0 | |a Alvarez González, Manuel |e author |9 489674 | |
| 245 | 1 | 0 | |a Diseño y evaluación de programas de educación emocional |
| 250 | |a 1a. ed | ||
| 300 | |a 231 p | ||
| 942 | |c BK | ||
| 945 | |d 20041126 00:00:00 |a cmena | ||
| 260 | |a Barcelona |b Cisspraxis |c 2001 | ||
| 650 | 0 | |a Inteligencia emocional |9 430453 | |
| 650 | 0 | |a Rol del docente |9 329733 | |
| 650 | 0 | |a Psicología educacional |9 307830 | |
| 650 | 0 | |a Métodos de enseñanza |9 270413 | |
| 650 | 0 | |a Programas de educación |9 339040 | |
| 583 | |a last modification |c 20041126 00:00:00 |k Rodrigo Vera | ||
| 490 | 0 | |a Monografías Escuela Española. ColecciónEducación Emocional | |
| 999 | |c 311604 |d 311602 | ||
| 952 | |0 0 |1 0 |4 0 |6 370_153000000000000_ALV_2001 |7 0 |8 A |9 381082 |a BIBEDU |b BIBEDU |d 2019-11-21 |i 4081978 |o 370.153 ALV 2001 |p 4081978 |r 2019-11-21 |w 2019-11-21 |y BK |k EBA | ||